| 000 | 00698nam a22002171a 4500 | ||
|---|---|---|---|
| 005 | 20110718133351.0 | ||
| 008 | 091005s nyu 001 0 eng d | ||
| 020 | _c0.00 | ||
| 040 | _aNEGST Library - Kenya | ||
| 050 | 4 | _aBS 325.I39 | |
| 082 | 0 | _aBS 325.I39 | |
| 100 | 1 | _aInternational Bible Society. | |
| 245 | 1 | 0 | _aOgba-ndzu ophungu, shi l'eka nchileke. |
| 260 |
_aNew York : _bNew York International B, _c[?1980] |
||
| 300 | _a687 p. : ill., m. | ||
| 500 | _a"The New Testament in Ikwo." - T.p. verso. [Africana] | ||
| 600 | 1 | 0 | _aIkwo language - Texts. |
| 600 | 1 | 0 | _aBible. N.T. Ikwo. |
| 700 | 1 | _aNigeria Bible Translation Trust. | |
| 852 | _94.00 | ||
| 999 |
_c40835 _d40835 |
||